LIBRARY & INFORMATION CENTRE, KCAET, TAVANUR

ONLINE PUBLIC ACCESS CATALOGUE (OPAC)

Sasya vargeekarana tathwangal / (Record no. 6182)

MARC details
000 -LEADER
fixed length control field 00523cam a2200205ua 4500
041 ## - LANGUAGE CODE
Language code of text/sound track or separate title mal
082 ## - DEWEY DECIMAL CLASSIFICATION NUMBER
Classification number 581
Item number VAS/SA
100 ## - MAIN ENTRY--AUTHOR NAME
Personal name Vasudevan Nair, R .
245 ## - TITLE STATEMENT
Title Sasya vargeekarana tathwangal /
260 ## - PUBLICATION, DISTRIBUTION, ETC. (IMPRINT)
Place of publication Thiruvananthapuram :
Name of publisher State Instititute of Languages ,
Year of publication 1971.
300 ## - PHYSICAL DESCRIPTION
Number of Pages 294 ; .
942 ## - ADDED ENTRY ELEMENTS (KOHA)
Koha item type Books
Holdings
Withdrawn status Lost status Damaged status Home library Current library Date acquired Full call number Accession Number Koha item type
      KAUAET KAUAET 07/04/2012 581 13489 Books
      KAUAET KAUAET 07/04/2012 581 13490 Books
Withdrawn     KAUAET KAUAET 07/04/2012 581 13491 Books
Withdrawn   Damaged KAUAET KAUAET 07/04/2012 581 13492 Books
free website counter